000 00533nam a2200217Ia 4500
008 170918s9999 xx 000 0 und d
020 _a9780545392112
050 _bS291 2011
100 _aSchachner, Judy
245 _aSkippyjon Jones :
245 _bclass action /
245 _cJudy Schachner.
260 _aNew York :
260 _bScholastic,
260 _c2011
300 _aunpaged :
300 _bcolored illustration ;
300 _c21cm.
440 _aThe New York times bestselling series.
500 _a760
999 _c341964
_d341964